OJT : Pemerkasaan diri dan pasukan (Bah. 3) [

Bibliographic Details
Corporate Author: Institut Penilaian Negara
Format: Book
Language:Malay
Published: Semenyih : Excel Training & Country Resort , 2012

MARC

LEADER 00000cam a2200000 7i4500
001 0000024614
005 20130115.0
008 130115 my v may
040 |a INS 
090 0 0 |a VCD 2122 
245 0 0 |a OJT :   |b Pemerkasaan diri dan pasukan (Bah. 3) [  |h cakera video] :   |b 20 Oktober 2012 
260 |a Semenyih :   |b Excel Training & Country Resort ,   |c 2012 
300 |a 1 cakera video (41 min) :   |b wrn. bny. ;   |c 4 3/4 in. 
710 1 |a Institut Penilaian Negara 
999 |a VCD0002122   |b VIDEO CD   |c Media Collection   |e Default branch